All CFB FBS teams in the state of Texas - Statistics

General Stats
  • This quiz has been taken 249 times
  • The average score is 11 of 13
Answer Stats
Hint Answer % Correct
Mean Green North Texas
100%
Longhorns Texas
100%
Aggies Texas A&M
98%
Red Raiders Texas Tech
96%
Horned Frogs TCU
95%
Mustangs SMU
89%
Bearcats Sam Houston
83%
Bears Baylor
81%
Roadrunners UTSA
81%
Cougars Houston
80%
Miners UTEP
80%
Bobcats Texas State
67%
Owls Rice
66%
No matching quizzes found
Score Distribution
Percent of People with Each Score
Percentile by Number Answered
Your Score History
You have not taken this quiz